[Event "Besancon op"]
[Site "Besancon"]
[Date "2008.12.28"]
[Round "2"]
[White "Perrin, Julien"]
[Black "Jeannerot, Lea"]
[Result "0-1"]
[WhiteElo "1730"]
[BlackElo "1951"]
[PlyCount "88"]
[EventDate "2008.12.26"]
[EventType "swiss"]
[EventRounds "7"]
[EventCountry "FRA"]
[SourceTitle "CBM 128 Extra"]
[Source "ChessBase"]
[SourceDate "2009.03.05"]
[SourceVersion "2"]
[SourceVersionDate "2009.03.25"]
[SourceQuality "1"]

1. Nf3 d5 2. d4 Nf6 3. c4 e6 4. Nc3 c6 5. Bf4 Be7 6. e3 Nbd7 7. Bd3 0-0 8. 0-0 Nh5 9. Ne5 Nxf4 10. exf4 dxc4 11. Bxc4 Nf6 12. Bd3 Qb6 13. Nc4 Qc7 14. Qf3 b6 15. Ne5 Bb7 16. Ne4 h6 17. Nxf6+ Bxf6 18. Be4 Bxe5 19. fxe5 Rab8 20. Rac1 Rfc8 21. Rc3 Rd8 22. Qg4 c5 23. Rg3 g5 24. Qh5 Bxe4 25. Qxh6 Qe7 26. Rxg5+ Bg6 27. f4 Qf8 28. Qh4 Rxd4 29. Qg3 Rbd8 30. f5 exf5 31. Rgxf5 Qg7 32. Rg5 Rd1 33. h4 Rxf1+ 34. Kxf1 Kh7 35. h5 Bd3+ 36. Ke1 Qh6 37. Qf4 Qe6 38. Qf3 Qc4 39. Qf6 Qc1+ 40. Kf2 Qf1+ 41. Kg3 Qxf6 42. exf6 Rg8 43. Kh4 Rxg5 44. Kxg5 b5 0-1